000 00271nam a2200133Ia 4500
100 _aCIMI-DGET
942 _cBK
366 _f20
245 _aELECTRONIC MECHANIC IIND YEAR TRADE THEORY
260 _bCIMI
_aChennai
300 _a499
546 _aENGLISH
999 _c34273
_d34273